000 00595nam a2200229Ia 4500
008 160819s9999 xx 000 0 und d
020 _a978-0-471-74171-8
050 _aCUL TX 648
050 _b.L46 2007
100 _aLeonard, Edward G.
245 _aClub cuisine /
245 _cEdward G. Leonard.
260 _aNew Jersey :
260 _bJohn Wiley & Sons Inc.,
260 _c2007
300 _a274 pages :
300 _bcolor illustrations ;
300 _c28 cm.
500 _aIncludes index.
650 _aCookery -- Clubs -- United States.
650 _xCookery, American.
999 _c300663
_d300663